Student's solutions manual to accompany precalculus : functions and graphs /

Guardat en:
Dades bibliogràfiques
Autor principal: Barnett, Raymond A
Format: Llibre
Idioma:Vietnamese
Publicat: WCB/McGraw- Hill 1999
Etiquetes: Afegir etiqueta
Sense etiquetes, Sigues el primer a etiquetar aquest registre!
Thư viện lưu trữ: Mạng thư viện Đại học Đà Nẵng
LEADER 00701nam a2200265 4500
001 000027018
003 BA-R
005 20150403120000.0
008 150403s vm 000 vie
020 |c 0,0000 
040 |a notts 
100 |a Barnett, Raymond A 
245 |a Student's solutions manual to accompany precalculus : functions and graphs /  |c Raymond A Barnett, Michael R. Ziegler, Karl E. Byleen. 
260 |b WCB/McGraw- Hill  |c 1999 
OWN |a LTT 
999 |a From the UDN01 
TYP |a Monograph 
TYP |a Printed language 
980 |a Mạng thư viện Đại học Đà Nẵng